|
|
|
|
| LEADER |
03870nam a2200565 4500 |
| 001 |
978-3-540-39925-4 |
| 003 |
DE-He213 |
| 005 |
20191024182255.0 |
| 007 |
cr nn 008mamaa |
| 008 |
121227s2004 gw | s |||| 0|eng d |
| 020 |
|
|
|a 9783540399254
|9 978-3-540-39925-4
|
| 024 |
7 |
|
|a 10.1007/978-3-540-39925-4
|2 doi
|
| 040 |
|
|
|d GrThAP
|
| 050 |
|
4 |
|a Q334-342
|
| 072 |
|
7 |
|a UYQ
|2 bicssc
|
| 072 |
|
7 |
|a COM004000
|2 bisacsh
|
| 072 |
|
7 |
|a UYQ
|2 thema
|
| 082 |
0 |
4 |
|a 006.3
|2 23
|
| 245 |
1 |
0 |
|a Applications of Learning Classifier Systems
|h [electronic resource] /
|c edited by Larry Bull.
|
| 250 |
|
|
|a 1st ed. 2004.
|
| 264 |
|
1 |
|a Berlin, Heidelberg :
|b Springer Berlin Heidelberg :
|b Imprint: Springer,
|c 2004.
|
| 300 |
|
|
|a VIII, 305 p.
|b online resource.
|
| 336 |
|
|
|a text
|b txt
|2 rdacontent
|
| 337 |
|
|
|a computer
|b c
|2 rdamedia
|
| 338 |
|
|
|a online resource
|b cr
|2 rdacarrier
|
| 347 |
|
|
|a text file
|b PDF
|2 rda
|
| 490 |
1 |
|
|a Studies in Fuzziness and Soft Computing,
|x 1434-9922 ;
|v 150
|
| 505 |
0 |
|
|a Learning Classifier Systems: A Brief Introduction -- Section 1 - Data Mining -- Data Mining using Learning Classifier Systems -- NXCS Experts for Financial Time Series Forecasting -- Encouraging Compact Rulesets from XCS for Enhanced Data Mining -- Section 2 - Modelling and Optimization -- The Fighter Aircraft LCS: A Real-World, Machine Innovation Application -- Traffic Balance using Learning Classifier Systems in an Agent-based Simulation -- A Multi-Agent Model of the UK Market in Electricity Generation -- Exploring Organizational-Learning Oriented Classifier Systems in Real-World Problems -- Section 3 - Control -- Distributed Routing in Communication Networks using the Temporal Fuzzy Classifier System - a Study on Evolutionary Multi-Agent Control -- The Development of an Industrial Learning Classifier System for Data-Mining in a Steel Hop Strip Mill -- Application of Learning Classifier Systems to the On-Line Reconfiguration of Electric Power Distribution Networks -- Towards Distributed Adaptive Control for Road Traffic Junction Signals using Learning Classifier Systems -- Bibliography of Real-World Classifier Systems Applications.
|
| 520 |
|
|
|a This carefully edited book brings together a fascinating selection of applications of Learning Classifier Systems (LCS). The book demonstrates the utility of this machine learning technique in recent real-world applications in such domains as data mining, modeling and optimization, and control. It shows how the LCS technique combines and exploits many Soft Computing approaches into a single coherent framework to produce an improved performance over other approaches.
|
| 650 |
|
0 |
|a Artificial intelligence.
|
| 650 |
|
0 |
|a Applied mathematics.
|
| 650 |
|
0 |
|a Engineering mathematics.
|
| 650 |
|
0 |
|a Control engineering.
|
| 650 |
|
0 |
|a Robotics.
|
| 650 |
|
0 |
|a Mechatronics.
|
| 650 |
1 |
4 |
|a Artificial Intelligence.
|0 http://scigraph.springernature.com/things/product-market-codes/I21000
|
| 650 |
2 |
4 |
|a Mathematical and Computational Engineering.
|0 http://scigraph.springernature.com/things/product-market-codes/T11006
|
| 650 |
2 |
4 |
|a Applications of Mathematics.
|0 http://scigraph.springernature.com/things/product-market-codes/M13003
|
| 650 |
2 |
4 |
|a Control, Robotics, Mechatronics.
|0 http://scigraph.springernature.com/things/product-market-codes/T19000
|
| 700 |
1 |
|
|a Bull, Larry.
|e editor.
|4 edt
|4 http://id.loc.gov/vocabulary/relators/edt
|
| 710 |
2 |
|
|a SpringerLink (Online service)
|
| 773 |
0 |
|
|t Springer eBooks
|
| 776 |
0 |
8 |
|i Printed edition:
|z 9783642535598
|
| 776 |
0 |
8 |
|i Printed edition:
|z 9783540211099
|
| 776 |
0 |
8 |
|i Printed edition:
|z 9783642535581
|
| 830 |
|
0 |
|a Studies in Fuzziness and Soft Computing,
|x 1434-9922 ;
|v 150
|
| 856 |
4 |
0 |
|u https://doi.org/10.1007/978-3-540-39925-4
|z Full Text via HEAL-Link
|
| 912 |
|
|
|a ZDB-2-ENG
|
| 912 |
|
|
|a ZDB-2-BAE
|
| 950 |
|
|
|a Engineering (Springer-11647)
|